[Event "Ch_SFO"]
[Site "?"]
[Date "2018.03.18"]
[Round "5.2"]
[White "Erdenieva, Oyuna"]
[Black "Yanuchenko, Polina"]
[Result "1/2-1/2"]
[BlackElo "2105"]
[WhiteElo "2079"]
[LiveChessVersion "1.4.8"]

1. c4 {[%clk 1:30:20]} e6 {[%clk 1:30:36]} 2. d4 {[%clk 1:30:20]} d5
{[%clk 1:29:36]} 3. Nc3 {[%clk 1:30:28]} c6 {[%clk 1:23:49]} 4. e3
{[%clk 1:30:23]} Nf6 {[%clk 1:24:08]} 5. Nf3 {[%clk 1:30:47]} Nbd7
{[%clk 1:24:34]} 6. Bd3 {[%clk 1:31:05]} dxc4 {[%clk 1:24:50]} 7. Bxc4
{[%clk 1:31:34]} b5 {[%clk 1:25:15]} 8. Bd3 {[%clk 1:31:58]} Bd6 {[%clk 1:25:40]}
9. a3 {[%clk 1:29:02]} a5 {[%clk 1:21:01]} 10. O-O {[%clk 1:27:48]} O-O
{[%clk 1:20:26]} 11. e4 {[%clk 1:27:45]} e5 {[%clk 1:19:35]} 12. Bg5
{[%clk 1:27:39]} h6 {[%clk 1:12:59]} 13. Bh4 {[%clk 1:27:37]} Bb7
{[%clk 1:12:14]} 14. Kh1 {[%clk 1:23:57]} b4 {[%clk 1:03:32]} 15. axb4
{[%clk 1:13:21]} axb4 {[%clk 1:03:57]} 16. Na4 {[%clk 1:12:30]} exd4
{[%clk 0:56:49]} 17. Nxd4 {[%clk 1:12:09]} Ne5 {[%clk 0:56:46]} 18. Bc2
{[%clk 1:08:38]} Ng6 {[%clk 0:48:21]} 19. Nf5 {[%clk 0:53:29]} Be5
{[%clk 0:46:19]} 20. Bg3 {[%clk 0:49:42]} Ba6 {[%clk 0:41:08]} 21. Re1
{[%clk 0:47:19]} Qc7 {[%clk 0:40:03]} 22. Nc5 {[%clk 0:39:46]} Bc4
{[%clk 0:37:26]} 23. Rxa8 {[%clk 0:38:22]} Rxa8 {[%clk 0:37:51]} 24. Bb3
{[%clk 0:38:35]} Bxg3 {[%clk 0:32:28]} 25. hxg3 {[%clk 0:37:20]} Bxb3
{[%clk 0:32:33]} 26. Qxb3 {[%clk 0:37:19]} Ng4 {[%clk 0:31:02]} 27. f3
{[%clk 0:31:55]} Qb6 {[%clk 0:28:40]} 28. Qc2 {[%clk 0:18:44]} N4e5
{[%clk 0:25:49]} 29. Rd1 {[%clk 0:18:48]} Ra5 {[%clk 0:24:29]} 30. Nb3
{[%clk 0:16:25]} Ra8 {[%clk 0:23:35]} 31. Nc5 {[%clk 0:12:41]} Ra5
{[%clk 0:23:45]} 32. Nb3 {[%clk 0:13:02]} Ra8 {[%clk 0:24:04]} 33. Nc5
{[%clk 0:13:01]} Ra5 {[%clk 0:24:27]} 1/2-1/2

[Event "Ch_SFO"]
[Site "?"]
[Date "2018.03.18"]
[Round "5.3"]
[White "Orshonova, Elena"]
[Black "Samdanova, Surena"]
[Result "1-0"]
[BlackElo "1953"]
[WhiteElo "2024"]
[LiveChessVersion "1.4.8"]

1. e4 {[%clk 1:30:53]} c5 {[%clk 1:30:51]} 2. Nf3 {[%clk 1:31:01]} d6
{[%clk 1:31:13]} 3. d4 {[%clk 1:31:16]} cxd4 {[%clk 1:31:36]} 4. Nxd4
{[%clk 1:31:42]} Nf6 {[%clk 1:32:02]} 5. Nc3 {[%clk 1:32:06]} g6 {[%clk 1:32:28]}
6. Be3 {[%clk 1:32:20]} Bg7 {[%clk 1:32:54]} 7. f3 {[%clk 1:32:47]} Nc6
{[%clk 1:33:21]} 8. Qd2 {[%clk 1:33:10]} O-O {[%clk 1:33:35]} 9. O-O-O
{[%clk 1:33:31]} d5 {[%clk 1:33:23]} 10. Qe1 {[%clk 1:33:53]} e5 {[%clk 1:33:29]}
11. Nxc6 {[%clk 1:34:12]} bxc6 {[%clk 1:33:55]} 12. exd5 {[%clk 1:34:34]} Nxd5
{[%clk 1:34:12]} 13. Bc5 {[%clk 1:33:26]} Re8 {[%clk 1:33:15]} 14. Bc4
{[%clk 1:31:49]} Be6 {[%clk 1:23:04]} 15. Kb1 {[%clk 1:29:56]} a5
{[%clk 1:17:20]} 16. h4 {[%clk 1:28:46]} a4 {[%clk 1:12:15]} 17. a3
{[%clk 1:10:24]} f5 {[%clk 0:54:18]} 18. g4 {[%clk 1:02:25]} Qa5 {[%clk 0:53:32]}
19. Bxd5 {[%clk 0:58:51]} Qxc5 {[%clk 0:53:25]} 20. Bxe6+ {[%clk 0:58:59]} Rxe6
{[%clk 0:53:54]} 21. gxf5 {[%clk 0:59:14]} gxf5 {[%clk 0:53:58]} 22. Rd7
{[%clk 0:56:08]} Re7 {[%clk 0:32:39]} 23. Rxe7 {[%clk 0:55:36]} Qxe7
{[%clk 0:33:05]} 24. Rg1 {[%clk 0:55:43]} Kh8 {[%clk 0:33:03]} 25. Qg3
{[%clk 0:49:36]} Rb8 {[%clk 0:30:25]} 26. h5 {[%clk 0:47:36]} Bf6
{[%clk 0:28:47]} 27. Ka1 {[%clk 0:35:22]} Qb7 {[%clk 0:28:50]} 28. Nxa4
{[%clk 0:28:58]} e4 {[%clk 0:24:09]} 29. c3 {[%clk 0:28:22]} Qb3 {[%clk 0:22:15]}
30. fxe4 {[%clk 0:27:10]} fxe4 {[%clk 0:20:14]} 31. Qd6 {[%clk 0:25:49]} Bg7
{[%clk 0:14:37]} 32. h6 {[%clk 0:25:56]} Re8 {[%clk 0:14:28]} 33. hxg7+
{[%clk 0:25:23]} Kg8 {[%clk 0:14:54]} 34. Nc5 {[%clk 0:24:54]} 1-0

[Event "Ch_SFO"]
[Site "?"]
[Date "2018.03.18"]
[Round "5.4"]
[White "Matiukova, Uliana"]
[Black "Zotova, Anastasia"]
[Result "1-0"]
[BlackElo "2032"]
[WhiteElo "1986"]
[LiveChessVersion "1.4.8"]

1. d4 {[%clk 1:30:58]} Nf6 {[%clk 1:30:56]} 2. c4 {[%clk 1:31:23]} g6
{[%clk 1:31:22]} 3. Nc3 {[%clk 1:31:47]} d5 {[%clk 1:31:50]} 4. cxd5
{[%clk 1:32:09]} Nxd5 {[%clk 1:32:17]} 5. Bd2 {[%clk 1:32:32]} Bg7
{[%clk 1:32:32]} 6. e4 {[%clk 1:32:52]} Nb6 {[%clk 1:32:49]} 7. Be3
{[%clk 1:33:11]} O-O {[%clk 1:32:59]} 8. h3 {[%clk 1:33:30]} Nc6 {[%clk 1:32:27]}
9. Nf3 {[%clk 1:32:35]} Na5 {[%clk 1:32:07]} 10. b3 {[%clk 1:26:43]} c5
{[%clk 1:26:57]} 11. Rc1 cxd4 {[%clk 1:26:55]} 12. Bxd4 {[%clk 1:21:07]} Nc6
{[%clk 1:26:55]} 13. Bxg7 {[%clk 1:20:53]} Kxg7 {[%clk 1:25:48]} 14. Bb5
{[%clk 1:18:24]} Bd7 {[%clk 1:23:41]} 15. O-O {[%clk 1:17:51]} Rc8
{[%clk 1:22:12]} 16. Qe2 {[%clk 1:14:39]} a6 17. Bd3 {[%clk 1:13:37]} e6
{[%clk 1:17:53]} 18. Rfd1 {[%clk 1:12:55]} Qf6 {[%clk 1:09:53]} 19. e5
{[%clk 1:02:04]} Qf4 {[%clk 1:08:50]} 20. g3 Qh6 21. h4 {[%clk 0:54:11]} Nb4
{[%clk 1:07:14]} 22. Ng5 {[%clk 0:52:31]} Nxd3 {[%clk 1:06:57]} 23. Qxd3
{[%clk 0:51:52]} Bc6 {[%clk 1:05:19]} 24. Nce4 {[%clk 0:49:13]} Bxe4
{[%clk 1:04:09]} 25. Qxe4 {[%clk 0:49:35]} Nd5 {[%clk 1:04:27]} 26. Rxc8
{[%clk 0:32:26]} Rxc8 {[%clk 1:04:27]} 27. Rxd5 {[%clk 0:32:09]} exd5
{[%clk 1:03:22]} 28. Qxd5 {[%clk 0:31:06]} Kg8 {[%clk 1:00:37]} 29. Qxf7+
{[%clk 0:30:06]} Kh8 {[%clk 1:01:02]} 30. e6 {[%clk 0:27:32]} Rf8
{[%clk 0:58:37]} 31. e7 {[%clk 0:27:38]} 1-0

[Event "Ch_SFO"]
[Site "?"]
[Date "2018.03.18"]
[Round "5.5"]
[White "Belozerov, Andrei"]
[Black "Sviridov, Valery"]
[Result "1/2-1/2"]
[BlackElo "2506"]
[WhiteElo "2526"]
[LiveChessVersion "1.4.8"]

1. e4 {[%clk 1:26:33]} c5 {[%clk 1:29:56]} 2. Nf3 {[%clk 1:26:54]} a6
{[%clk 1:30:16]} 3. c3 {[%clk 1:26:46]} e6 {[%clk 1:30:29]} 4. d4
{[%clk 1:27:06]} d5 {[%clk 1:30:51]} 5. e5 {[%clk 1:27:15]} Ne7 {[%clk 1:29:48]}
6. Bd3 {[%clk 1:26:22]} Nbc6 {[%clk 1:30:02]} 7. O-O {[%clk 1:25:58]} Nf5
{[%clk 1:30:01]} 8. Bxf5 {[%clk 1:21:32]} exf5 {[%clk 1:30:23]} 9. dxc5
{[%clk 1:21:53]} Bxc5 {[%clk 1:30:21]} 10. Bg5 {[%clk 1:22:17]} Qd7
{[%clk 1:23:11]} 11. Re1 {[%clk 1:19:33]} h6 {[%clk 1:18:23]} 12. Be3
{[%clk 1:19:08]} Be7 {[%clk 1:18:12]} 13. Nbd2 {[%clk 1:19:26]} Qc7
{[%clk 1:18:20]} 14. Nb3 {[%clk 1:19:15]} Be6 {[%clk 1:16:56]} 15. Bc5
{[%clk 1:19:06]} Bxc5 {[%clk 1:04:34]} 16. Nxc5 {[%clk 1:19:21]} O-O
{[%clk 1:04:56]} 17. Nb3 {[%clk 1:19:15]} Rfe8 {[%clk 1:05:15]} 18. Nbd4
{[%clk 1:11:28]} Rad8 {[%clk 0:58:03]} 19. Qd3 {[%clk 1:09:54]} Bc8
{[%clk 0:54:43]} 20. Nxf5 {[%clk 1:08:24]} Bxf5 {[%clk 0:51:13]} 21. Qxf5
{[%clk 1:08:15]} Re6 {[%clk 0:51:37]} 22. Re2 {[%clk 1:03:58]} d4
{[%clk 0:50:51]} 23. cxd4 {[%clk 1:03:41]} Nxd4 {[%clk 0:50:30]} 24. Nxd4
{[%clk 1:04:03]} Rxd4 {[%clk 0:50:57]} 25. g3 {[%clk 1:01:49]} g6
{[%clk 0:47:49]} 26. Qf3 {[%clk 1:01:45]} Rxe5 {[%clk 0:46:43]} 27. Rxe5
{[%clk 1:02:00]} Qxe5 {[%clk 0:47:08]} 28. Qxb7 {[%clk 1:02:15]} Rd2
{[%clk 0:46:31]} 29. Rc1 {[%clk 0:53:00]} Qe2 {[%clk 0:41:51]} 30. Qb6
{[%clk 0:45:58]} Rd1+ {[%clk 0:39:09]} 31. Rxd1 {[%clk 0:46:10]} Qxd1+
{[%clk 0:39:33]} 32. Kg2 {[%clk 0:46:36]} Qd5+ {[%clk 0:39:57]} 33. Kf1
{[%clk 0:46:52]} Qd1+ {[%clk 0:40:21]} 34. Kg2 {[%clk 0:47:15]} Qd5+
{[%clk 0:40:46]} 35. f3 {[%clk 0:45:38]} Qxa2 {[%clk 0:41:10]} 36. g4
{[%clk 0:45:57]} Qc4 {[%clk 0:41:18]} 37. Qb8+ {[%clk 0:45:58]} Kh7
{[%clk 0:41:17]} 38. Qe5 {[%clk 0:46:19]} Qc2+ {[%clk 0:40:55]} 39. Kg3
{[%clk 0:46:38]} Qc1 {[%clk 0:41:16]} 40. Qd4 {[%clk 0:42:20]} Qe1+
{[%clk 0:41:10]} 41. Kg2 {[%clk 0:42:44]} Qe2+ {[%clk 0:41:32]} 42. Kg3 1/2-1/2

[Event "Ch_SFO"]
[Site "?"]
[Date "2018.03.18"]
[Round "5.6"]
[White "Gontcharov, Vladislav"]
[Black "Bocharov, Ivan"]
[Result "0-1"]
[BlackElo "2530"]
[WhiteElo "2448"]
[LiveChessVersion "1.4.8"]

1. d4 {[%clk 1:30:39]} Nf6 {[%clk 1:30:55]} 2. Nf3 {[%clk 1:31:06]} d5
{[%clk 1:31:17]} 3. c4 {[%clk 1:31:29]} e6 {[%clk 1:31:45]} 4. Nc3
{[%clk 1:31:53]} Be7 {[%clk 1:32:09]} 5. Bg5 {[%clk 1:29:17]} Nbd7
{[%clk 1:32:13]} 6. e3 {[%clk 1:27:13]} h6 {[%clk 1:32:35]} 7. Bh4
{[%clk 1:27:28]} O-O {[%clk 1:32:57]} 8. Rc1 {[%clk 1:26:07]} c6 {[%clk 1:32:20]}
9. Bd3 {[%clk 1:26:21]} dxc4 {[%clk 1:31:58]} 10. Bxc4 {[%clk 1:26:44]} b5
{[%clk 1:32:20]} 11. Bd3 {[%clk 1:24:50]} Bb7 {[%clk 1:30:56]} 12. O-O
{[%clk 1:21:14]} a6 {[%clk 1:30:14]} 13. Ne4 {[%clk 1:18:12]} Nxe4
{[%clk 1:29:03]} 14. Bxe7 {[%clk 1:17:51]} Nxf2 {[%clk 1:27:56]} 15. Rxf2
{[%clk 1:11:40]} Qxe7 {[%clk 1:28:25]} 16. Be4 {[%clk 1:12:03]} Rac8
{[%clk 1:28:04]} 17. Rfc2 {[%clk 1:12:27]} Qd6 {[%clk 1:27:32]} 18. Nd2
{[%clk 1:12:02]} e5 {[%clk 1:20:28]} 19. Nb3 {[%clk 1:11:51]} Nf6
{[%clk 1:15:25]} 20. Bf5 {[%clk 1:08:43]} Rcd8 {[%clk 1:12:26]} 21. Na5
{[%clk 1:07:52]} Qe7 {[%clk 1:04:51]} 22. Nxb7 {[%clk 1:03:59]} Qxb7
{[%clk 1:05:19]} 23. Rxc6 {[%clk 1:04:01]} exd4 {[%clk 1:03:02]} 24. exd4
{[%clk 1:04:03]} Qa7 {[%clk 0:58:36]} 25. Kh1 {[%clk 0:59:35]} Rxd4
{[%clk 0:55:44]} 26. Qf3 {[%clk 0:59:26]} Rfd8 {[%clk 0:54:45]} 27. h3
{[%clk 0:58:41]} Rd2 {[%clk 0:51:56]} 28. Rc8 {[%clk 0:50:32]} Qe7
{[%clk 0:47:03]} 29. Qg3 {[%clk 0:30:55]} g6 {[%clk 0:39:29]} 30. R1c7
{[%clk 0:29:13]} Nh5 {[%clk 0:37:05]} 31. Qf2 {[%clk 0:18:13]} Qxc7
{[%clk 0:37:04]} 0-1

[Event "Ch_SFO"]
[Site "?"]
[Date "2018.03.18"]
[Round "5.7"]
[White "Khanin, Semen"]
[Black "Tsydypov, Zhamsaran"]
[Result "1/2-1/2"]
[BlackElo "2523"]
[WhiteElo "2463"]
[LiveChessVersion "1.4.8"]

1. e4 {[%clk 1:30:22]} e5 {[%clk 1:25:41]} 2. Nf3 {[%clk 1:30:45]} Nc6
{[%clk 1:26:03]} 3. Bb5 {[%clk 1:30:54]} a6 {[%clk 1:26:12]} 4. Ba4
{[%clk 1:31:19]} Nf6 {[%clk 1:26:37]} 5. O-O {[%clk 1:31:43]} Be7
{[%clk 1:26:47]} 6. Re1 {[%clk 1:32:07]} b5 {[%clk 1:25:49]} 7. Bb3
{[%clk 1:32:31]} O-O {[%clk 1:25:56]} 8. d4 {[%clk 1:30:57]} d6 {[%clk 1:24:47]}
9. c3 {[%clk 1:31:22]} Bg4 {[%clk 1:24:59]} 10. d5 {[%clk 1:30:39]} Na5
{[%clk 1:24:11]} 11. Bc2 {[%clk 1:31:04]} c6 {[%clk 1:24:15]} 12. h3
{[%clk 1:31:27]} Bd7 {[%clk 1:21:11]} 13. Nxe5 {[%clk 1:31:46]} dxe5
{[%clk 1:20:55]} 14. d6 {[%clk 1:32:13]} Nb7 {[%clk 1:19:38]} 15. dxe7
{[%clk 1:32:37]} Qxe7 {[%clk 1:20:06]} 16. Qf3 {[%clk 1:25:10]} c5
{[%clk 1:20:15]} 17. Bg5 {[%clk 1:23:52]} h6 {[%clk 1:20:00]} 18. Bh4
{[%clk 1:22:26]} Nd8 {[%clk 1:15:07]} 19. Bxf6 {[%clk 1:16:21]} Qxf6
{[%clk 1:13:53]} 20. Qxf6 {[%clk 1:16:44]} gxf6 {[%clk 1:14:15]} 21. Rd1
{[%clk 1:16:56]} Be6 {[%clk 1:14:28]} 22. Nd2 {[%clk 1:15:12]} Nc6
{[%clk 1:08:55]} 23. Nb3 {[%clk 1:12:28]} c4 {[%clk 0:51:18]} 24. Nc5
{[%clk 1:12:53]} Rfd8 {[%clk 0:51:40]} 25. Rxd8+ {[%clk 1:11:12]} Rxd8
{[%clk 0:51:55]} 26. Rd1 {[%clk 1:04:56]} Bc8 {[%clk 0:51:07]} 27. b4
{[%clk 0:57:49]} cxb3 {[%clk 0:50:52]} 28. Rxd8+ {[%clk 0:57:47]} Nxd8
{[%clk 0:51:14]} 29. axb3 {[%clk 0:52:08]} a5 {[%clk 0:49:32]} 30. Kf1
{[%clk 0:51:44]} Kf8 {[%clk 0:49:35]} 31. Ke2 {[%clk 0:51:55]} Ke7
{[%clk 0:49:58]} 32. Kd2 {[%clk 0:50:30]} Kd6 {[%clk 0:45:15]} 33. b4
{[%clk 0:50:02]} Nc6 {[%clk 0:45:33]} 34. Nd3 {[%clk 0:50:28]} f5
{[%clk 0:45:57]} 35. exf5 {[%clk 0:48:05]} Bxf5 {[%clk 0:46:08]} 36. bxa5
{[%clk 0:48:30]} Nxa5 {[%clk 0:46:27]} 37. Ke2 {[%clk 0:47:32]} Nc4
{[%clk 0:45:38]} 38. Bb3 {[%clk 0:47:27]} Be4 {[%clk 0:44:55]} 39. Bxc4
{[%clk 0:46:26]} bxc4 {[%clk 0:45:16]} 40. Ne1 {[%clk 0:46:54]} f5
{[%clk 0:45:26]} 41. Ke3 {[%clk 0:47:17]} 1/2-1/2

[Event "Ch_SFO"]
[Site "?"]
[Date "2018.03.18"]
[Round "5.8"]
[White "Vlassov, Nikolai"]
[Black "Khegay, Dmitriy"]
[Result "1/2-1/2"]
[BlackElo "2485"]
[WhiteElo "2457"]
[LiveChessVersion "1.4.8"]

1. e4 {[%clk 1:30:59]} e5 {[%clk 1:30:36]} 2. Bc4 {[%clk 1:31:22]} Nf6
{[%clk 1:31:02]} 3. d3 {[%clk 1:31:47]} Nc6 {[%clk 1:31:29]} 4. Nf3
{[%clk 1:32:11]} Bc5 {[%clk 1:31:55]} 5. Bg5 {[%clk 1:32:35]} h6 {[%clk 1:32:21]}
6. Bh4 {[%clk 1:33:01]} Be7 {[%clk 1:32:48]} 7. Nc3 {[%clk 1:29:58]} d6
{[%clk 1:33:05]} 8. h3 {[%clk 1:28:34]} Nxe4 {[%clk 1:28:17]} 9. Bxe7
{[%clk 1:28:50]} Nxc3 {[%clk 1:28:43]} 10. Bxd8 {[%clk 1:29:12]} Nxd1
{[%clk 1:29:09]} 11. Bxc7 {[%clk 1:27:15]} Nxb2 {[%clk 1:29:30]} 12. Bxd6
{[%clk 1:27:23]} Nxc4 {[%clk 1:29:56]} 13. dxc4 {[%clk 1:27:46]} f6
{[%clk 1:30:24]} 14. O-O {[%clk 1:25:33]} Kf7 {[%clk 1:30:40]} 15. c5
{[%clk 1:24:51]} Bf5 {[%clk 1:22:56]} 16. Rab1 {[%clk 1:23:40]} Nd8
{[%clk 1:23:21]} 17. Rb2 {[%clk 1:21:14]} Be4 {[%clk 1:20:05]} 18. Nd2
{[%clk 1:21:38]} Bd5 {[%clk 1:17:27]} 19. f4 {[%clk 1:20:29]} exf4
{[%clk 1:17:32]} 20. Rxf4 {[%clk 1:20:51]} Ne6 {[%clk 1:16:09]} 21. Rfb4
{[%clk 1:20:14]} Rhd8 {[%clk 1:15:20]} 22. Nc4 {[%clk 0:58:04]} Bxc4
{[%clk 0:55:39]} 23. Rxc4 {[%clk 0:57:53]} b6 {[%clk 0:56:06]} 24. Ra4
{[%clk 0:52:24]} f5 {[%clk 0:52:30]} 25. Kh2 {[%clk 0:41:34]} Ke8
{[%clk 0:42:56]} 26. Ra6 {[%clk 0:37:04]} bxc5 {[%clk 0:43:20]} 27. Rb5
{[%clk 0:34:59]} Rd7 {[%clk 0:42:49]} 28. Rba5 {[%clk 0:32:56]} Kf7
{[%clk 0:39:00]} 29. Bxc5 {[%clk 0:32:04]} Rc8 {[%clk 0:39:04]} 30. Bxa7
{[%clk 0:29:08]} g6 {[%clk 0:38:08]} 31. Re5 {[%clk 0:28:11]} Re7
{[%clk 0:33:49]} 32. Bf2 {[%clk 0:22:54]} Rxc2 {[%clk 0:32:34]} 33. Bh4
{[%clk 0:22:43]} Re8 {[%clk 0:33:01]} 34. Ra7+ {[%clk 0:22:43]} Rc7
{[%clk 0:32:46]} 35. Rxc7+ {[%clk 0:22:00]} Nxc7 {[%clk 0:33:13]} 36. Ra5
{[%clk 0:22:01]} g5 {[%clk 0:32:19]} 37. Ra7 {[%clk 0:21:11]} Re7
{[%clk 0:28:10]} 38. Bf2 {[%clk 0:21:14]} Nd5 {[%clk 0:27:18]} 39. a4
{[%clk 0:19:34]} Rxa7 {[%clk 0:27:16]} 40. Bxa7 {[%clk 0:20:02]} Ke6
{[%clk 0:27:35]} 41. Bc5 {[%clk 0:19:51]} Kd7 42. Kg3 {[%clk 0:19:16]} h5
{[%clk 0:27:00]} 43. Bf2 {[%clk 0:15:49]} Nc3 {[%clk 0:25:39]} 44. a5
{[%clk 0:14:55]} Ne4+ {[%clk 0:26:05]} 45. Kf3 {[%clk 0:15:20]} g4+
{[%clk 0:26:19]} 46. Ke3 gxh3 {[%clk 0:25:27]} 47. gxh3 {[%clk 0:15:22]} Ng5
{[%clk 0:25:53]} 48. h4 {[%clk 0:14:32]} Ne6 {[%clk 0:26:20]} 49. Kd3
{[%clk 0:14:47]} Kc6 {[%clk 0:26:08]} 50. Kc4 {[%clk 0:14:16]} Kb7
{[%clk 0:25:07]} 51. Kd5 {[%clk 0:14:15]} 1/2-1/2

[Event "Ch_SFO"]
[Site "?"]
[Date "2018.03.18"]
[Round "5.9"]
[White "Anikonov, Dmitry"]
[Black "Kyshtymov, Daniil"]
[Result "1-0"]
[BlackElo "2217"]
[WhiteElo "2398"]
[LiveChessVersion "1.4.8"]

1. d4 {[%clk 1:30:52]} Nf6 {[%clk 1:21:56]} 2. c4 {[%clk 1:31:15]} g6
{[%clk 1:22:13]} 3. Nc3 {[%clk 1:31:38]} Bg7 {[%clk 1:22:38]} 4. e4
{[%clk 1:32:02]} d6 {[%clk 1:23:04]} 5. Be2 {[%clk 1:32:27]} O-O {[%clk 1:23:24]}
6. Be3 {[%clk 1:32:53]} e5 {[%clk 1:22:47]} 7. d5 {[%clk 1:33:16]} a5
{[%clk 1:15:07]} 8. g4 {[%clk 1:33:40]} Na6 {[%clk 1:14:51]} 9. h4
{[%clk 1:34:04]} Nd7 {[%clk 1:12:46]} 10. h5 {[%clk 1:26:23]} Ndc5
{[%clk 1:05:40]} 11. g5 {[%clk 1:23:47]} Bd7 {[%clk 1:02:52]} 12. Qd2
{[%clk 1:20:48]} a4 {[%clk 0:43:31]} 13. f3 {[%clk 1:19:39]} c6 {[%clk 0:31:00]}
14. O-O-O {[%clk 1:18:19]} cxd5 {[%clk 0:20:34]} 15. Nxd5 {[%clk 1:18:10]} Rb8
{[%clk 0:17:03]} 16. Kb1 {[%clk 1:09:29]} b5 {[%clk 0:15:07]} 17. hxg6
{[%clk 1:08:43]} hxg6 {[%clk 0:12:49]} 18. cxb5 {[%clk 1:08:14]} Bxb5
{[%clk 0:12:38]} 19. Bxb5 {[%clk 1:08:39]} Rxb5 {[%clk 0:12:59]} 20. Qh2
{[%clk 1:08:38]} Re8 {[%clk 0:12:18]} 21. Nf6+ {[%clk 1:03:20]} Bxf6
{[%clk 0:12:18]} 22. gxf6 {[%clk 1:03:47]} Qxf6 {[%clk 0:12:17]} 23. Bg5
{[%clk 1:03:59]} Qg7 {[%clk 0:12:14]} 24. Rxd6 {[%clk 1:03:50]} a3
{[%clk 0:04:14]} 25. Bf6 {[%clk 1:01:23]} Rxb2+ {[%clk 0:04:23]} 26. Qxb2
{[%clk 1:01:47]} axb2 {[%clk 0:04:47]} 27. Bxg7 {[%clk 1:02:07]} Kxg7
{[%clk 0:04:37]} 28. Rh2 {[%clk 1:02:08]} Nb4 {[%clk 0:02:01]} 29. a3
{[%clk 0:59:31]} Nbd3 {[%clk 0:02:00]} 30. Rd2 {[%clk 0:59:38]} Nf4
{[%clk 0:00:40]} 31. Kxb2 {[%clk 0:57:53]} Rb8+ {[%clk 0:00:41]} 32. Ka2
{[%clk 0:58:22]} Rb3 {[%clk 0:00:32]} 33. Rc2 {[%clk 0:58:25]} Rd3
{[%clk 0:00:32]} 34. Rxd3 {[%clk 0:58:24]} Ncxd3 {[%clk 0:00:57]} 35. Kb3
{[%clk 0:58:32]} f5 {[%clk 0:00:55]} 36. Kc4 {[%clk 0:57:55]} Ne1
{[%clk 0:00:54]} 37. Rd2 {[%clk 0:58:07]} Neg2 {[%clk 0:00:37]} 38. a4
{[%clk 0:58:15]} Ne3+ {[%clk 0:01:02]} 39. Kb4 {[%clk 0:58:03]} Ne6
{[%clk 0:00:58]} 40. a5 {[%clk 0:58:18]} fxe4 {[%clk 0:01:05]} 41. fxe4
{[%clk 0:58:35]} Nd4 {[%clk 0:01:16]} 42. a6 {[%clk 0:58:55]} Nc6+
{[%clk 0:01:26]} 43. Kc5 {[%clk 0:59:19]} Na5 {[%clk 0:01:23]} 44. Rd7+
{[%clk 0:59:43]} Kf6 {[%clk 0:00:54]} 45. a7 {[%clk 1:00:08]} Nb3+
{[%clk 0:01:21]} 46. Kb4 {[%clk 1:00:25]} 1-0

[Event "Ch_SFO"]
[Site "?"]
[Date "2018.03.18"]
[Round "5.10"]
[White "Piskunov, Alexandr"]
[Black "Ibadov, Dashgyn"]
[Result "1-0"]
[BlackElo "2186"]
[WhiteElo "2356"]
[LiveChessVersion "1.4.8"]

1. Nf3 {[%clk 1:29:53]} Nf6 {[%clk 1:30:53]} 2. g3 {[%clk 1:30:14]} b6
{[%clk 1:31:05]} 3. Bg2 {[%clk 1:30:36]} Bb7 {[%clk 1:31:34]} 4. O-O
{[%clk 1:30:57]} c5 {[%clk 1:31:28]} 5. c4 {[%clk 1:30:39]} e6 {[%clk 1:31:40]}
6. Nc3 {[%clk 1:30:34]} Be7 {[%clk 1:32:03]} 7. d4 {[%clk 1:21:06]} cxd4
{[%clk 1:32:31]} 8. Qxd4 {[%clk 1:21:30]} d6 {[%clk 1:23:28]} 9. Rd1
{[%clk 1:17:16]} a6 {[%clk 1:21:29]} 10. b3 {[%clk 0:45:19]} Nbd7
{[%clk 1:21:29]} 11. Bb2 {[%clk 0:45:47]} O-O {[%clk 1:21:20]} 12. Ng5
{[%clk 0:39:24]} Bxg2 {[%clk 1:16:36]} 13. Kxg2 {[%clk 0:39:50]} Qc7
{[%clk 1:11:53]} 14. Nge4 {[%clk 0:37:03]} Rfd8 {[%clk 1:08:44]} 15. Nxf6+
{[%clk 0:35:57]} Nxf6 {[%clk 1:08:52]} 16. Rac1 {[%clk 0:36:02]} Qb7+
{[%clk 1:04:43]} 17. e4 {[%clk 0:31:19]} b5 {[%clk 1:03:31]} 18. f3
{[%clk 0:28:41]} Rac8 {[%clk 0:40:51]} 19. cxb5 {[%clk 0:27:52]} axb5
{[%clk 0:41:07]} 20. Qd3 {[%clk 0:25:35]} Rc5 {[%clk 0:31:13]} 21. Ne2
{[%clk 0:25:14]} h5 {[%clk 0:28:59]} 22. Bd4 {[%clk 0:22:33]} Rxc1
{[%clk 0:28:22]} 23. Rxc1 {[%clk 0:23:01]} e5 {[%clk 0:27:43]} 24. Bf2
{[%clk 0:21:50]} d5 {[%clk 0:27:18]} 25. exd5 {[%clk 0:22:19]} Rxd5
{[%clk 0:23:31]} 26. Qc2 {[%clk 0:22:25]} b4 {[%clk 0:19:52]} 27. Qc8+
{[%clk 0:22:15]} Qxc8 {[%clk 0:20:16]} 28. Rxc8+ {[%clk 0:22:44]} Kh7
{[%clk 0:20:23]} 29. Be1 {[%clk 0:20:56]} Rd3 {[%clk 0:09:50]} 30. Nc1
{[%clk 0:20:32]} Rd1 {[%clk 0:09:20]} 31. Kf2 {[%clk 0:20:59]} e4
{[%clk 0:08:49]} 32. Ke2 {[%clk 0:21:03]} Rd5 {[%clk 0:06:36]} 33. fxe4
{[%clk 0:20:48]} Re5 {[%clk 0:06:40]} 34. Rc4 {[%clk 0:17:11]} Nxe4
{[%clk 0:06:53]} 35. Kf1 {[%clk 0:17:40]} Nd6 {[%clk 0:01:56]} 36. Rxb4
{[%clk 0:15:32]} Nf5 {[%clk 0:02:25]} 37. Rb7 {[%clk 0:15:54]} Ne3+
{[%clk 0:02:06]} 38. Kg1 {[%clk 0:16:24]} Ng4 {[%clk 0:01:20]} 39. Nd3
{[%clk 0:16:14]} Bc5+ {[%clk 0:01:16]} 40. Nxc5 {[%clk 0:13:49]} Rxe1+
{[%clk 0:01:39]} 41. Kg2 {[%clk 0:14:19]} Re2+ {[%clk 0:01:11]} 42. Kf3
{[%clk 0:14:48]} Rxa2 {[%clk 0:00:32]} 43. h3 Rf2+ {[%clk 0:00:43]} 44. Ke4
{[%clk 0:15:45]} f5+ {[%clk 0:00:58]} 45. Kd4 {[%clk 0:15:57]} Nf6
{[%clk 0:01:01]} 46. Ne6 {[%clk 0:16:20]} Ne4 {[%clk 0:00:41]} 47. Nxg7
{[%clk 0:14:01]} Kg6 {[%clk 0:00:46]} 48. Nxf5 {[%clk 0:14:10]} Ng5
{[%clk 0:00:34]} 49. Ne7+ {[%clk 0:14:17]} Kf6 {[%clk 0:00:34]} 50. Nd5+
{[%clk 0:14:45]} Kf5 {[%clk 0:00:39]} 51. Rb5 {[%clk 0:07:04]} Kg6 52. Nf4+
{[%clk 0:07:16]} Kh6 {[%clk 0:00:50]} 53. h4 {[%clk 0:07:32]} Nf7
{[%clk 0:00:56]} 54. Rf5 {[%clk 0:07:21]} Rd2+ {[%clk 0:01:01]} 55. Kc3
{[%clk 0:07:31]} Rd6 {[%clk 0:00:45]} 56. b4 {[%clk 0:07:18]} Rc6+
{[%clk 0:00:57]} 57. Rc5 {[%clk 0:07:26]} Rd6 {[%clk 0:01:26]} 58. b5
{[%clk 0:07:38]} Rd7 {[%clk 0:01:21]} 59. Rxh5+ {[%clk 0:06:36]} Kg7
{[%clk 0:01:51]} 60. Rd5 {[%clk 0:06:28]} Rc7+ {[%clk 0:02:13]} 61. Kb4
{[%clk 0:06:46]} Rc1 {[%clk 0:02:34]} 62. b6 {[%clk 0:06:19]} 1-0